| 000 | 01542nam a22003977a 4500 | ||
|---|---|---|---|
| 003 | CHAP | ||
| 005 | 20220329143736.0 | ||
| 008 | 110520s2011 mx r 00010 spa d | ||
| 010 | _a101247 | ||
| 011 | _a102219 | ||
| 035 | _a112907 | ||
| 040 | _cCHAP | ||
| 090 | _aTesis | ||
| 100 | 1 |
_aBautista Espinosa, Rosa María. _910906 |
|
| 245 | 1 | 0 |
_aModelos de mezclas en las funciones de supervivencia _h[En línea] _c/por Rosa María Bautista Espinosa |
| 260 |
_aChapingo, Méx. : _bEl autor, _c2011 |
||
| 500 | _aPara ver el contenido del material haga clic en la liga | ||
| 502 | _aTesis (Lic. en Estadística) -- UACH. División de Ciencias Forestales | ||
| 590 |
_aALEPH _b10 _c20130110 _lUCH01 _h1540 |
||
| 590 |
_aBATCH-UPD _b10 _c20130110 _lUCH01 _h1154 |
||
| 590 |
_aBATCH-UPD _b10 _c20130410 _lUCH01 _h0737 |
||
| 590 |
_aBATCH-UPD _b10 _c20130914 _lUCH01 _h0348 |
||
| 590 |
_aBATCH-UPD _b10 _c20140324 _lUCH01 _h1525 |
||
| 590 |
_aBATCH-UPD _b10 _c20141002 _lUCH01 _h0849 |
||
| 590 |
_aBATCH _b00 _c20181121 _lUCH01 _h0758 |
||
| 590 |
_aCONVERSION _b10 _c20130109 _lUCH01 _h1356 |
||
| 650 | 1 | 4 |
_aAnálisis estadístico. _95984 |
| 650 | 1 | 4 |
_aCalidad _xControl de la _xMétodos estadísticos. _917485 |
| 650 | 1 | 4 |
_aMuestreo estadístico. _979288 |
| 856 |
_3Finding aid _uhttp://10.13.5.2/tesis/112907.pdf _zTeclea aqui |
||
| 856 |
_a1 _n0000836 |
||
| 901 | _aBK | ||
| 942 | _cFOLL | ||
| 949 |
_aTesis _bBC _cTES _d33724002251496 _eTS1 _gDonaciØn _h52247 _i112907 _st |
||
| 949 |
_aTesis _bBC _cTES _d33724002251991 _eTS2 _fc.2 _gDonaciØn _h52248 _i112907 _st |
||
| 999 |
_c101247 _d101247 |
||